Straightforward Elementary student book (Record no. 8443)

000 -LEADER
fixed length control field 00233nam a22001097a 4500
040 ## - CATALOGING SOURCE
Transcribing agency SK
082 ## - DEWEY DECIMAL CLASSIFICATION NUMBER
Classification number 343
100 ## - MAIN ENTRY--AUTHOR NAME
Personal name LINDSAY CLANDFIELD
245 ## - TITLE STATEMENT
Title Straightforward Elementary student book
260 ## - PUBLICATION, DISTRIBUTION, ETC. (IMPRINT)
Place of publication RUA
Name of publisher Dav
Year of publication 2010
942 ## - ADDED ENTRY ELEMENTS (KOHA)
Koha item type សៀវភៅភាសាអង់គ្លេស
952 ## - LOCATION AND ITEM INFORMATION (KOHA)
Withdrawn status [LOCAL, KOHA] 0
952 ## - LOCATION AND ITEM INFORMATION (KOHA)
Withdrawn status [LOCAL, KOHA] 0
952 ## - LOCATION AND ITEM INFORMATION (KOHA)
Withdrawn status [LOCAL, KOHA] 0
952 ## - LOCATION AND ITEM INFORMATION (KOHA)
Withdrawn status [LOCAL, KOHA] 0
952 ## - LOCATION AND ITEM INFORMATION (KOHA)
Withdrawn status [LOCAL, KOHA] 0
952 ## - LOCATION AND ITEM INFORMATION (KOHA)
Withdrawn status [LOCAL, KOHA] 0
952 ## - LOCATION AND ITEM INFORMATION (KOHA)
Withdrawn status [LOCAL, KOHA] 0
952 ## - LOCATION AND ITEM INFORMATION (KOHA)
Withdrawn status [LOCAL, KOHA] 0
952 ## - LOCATION AND ITEM INFORMATION (KOHA)
Withdrawn status [LOCAL, KOHA] 0
952 ## - LOCATION AND ITEM INFORMATION (KOHA)
Withdrawn status [LOCAL, KOHA] 0
Holdings
Permanent Location Date acquired Koha item type Lost status Shelving location Barcode Current Location Full call number
Library Block C2016-08-01សៀវភៅភាសាអង់គ្លេស C066RUA042454Library Block C343 DAV 2010 C066
Library Block C2016-08-01សៀវភៅភាសាអង់គ្លេស C066RUA042737Library Block C343 DAV 2010 C066
Library Block C2016-08-01សៀវភៅភាសាអង់គ្លេស C066RUA042510Library Block C343 DAV 2010 C066
Library Block C2016-08-01សៀវភៅភាសាអង់គ្លេស C066RUA41932Library Block C343 DAV 2010 C066
Library Block C2016-08-01សៀវភៅភាសាអង់គ្លេស C066RUA42198Library Block C343 DAV 2010 C066
Library Block C2016-08-01សៀវភៅភាសាអង់គ្លេស C066RUA42176Library Block C343 DAV 2010 C066
Library Block C2016-08-01សៀវភៅភាសាអង់គ្លេស C066RUA043241Library Block C343 DAV 2010 C066
Library Block C2016-08-01សៀវភៅភាសាអង់គ្លេស C066RUA042626Library Block C343 DAV 2010 C066
Library Block C2016-08-01សៀវភៅភាសាអង់គ្លេស C066RUA42116Library Block C343 DAV 2010 C066
Library Block C2016-08-01សៀវភៅភាសាអង់គ្លេស C066RUA41992Library Block C343 DAV 2010 C066
មជ្ឈមណ្ឌលឯការនៃសាកលវិទ្យាល័យភូមិន្ទកសិកម្មចំការដូង

Powered by Koha